Una luna para el bastardo
Guardat en:
| Autor principal: | |
|---|---|
| Format: | Llibre |
| Idioma: | espanyol |
| Publicat: |
Buenos Aires
Sudamericana
1955
|
| Col·lecció: | Teatro
|
| Matèries: | |
| Etiquetes: |
Afegir etiqueta
Sense etiquetes, Sigues el primer a etiquetar aquest registre!
|
MARC
| LEADER | 00000nam a2200000 a 4500 | ||
|---|---|---|---|
| 001 | UCQ0380 | ||
| 003 | CL-VaPUC | ||
| 008 | 980627e19550000AG |||||||||||||||||spa|d | ||
| 082 | 0 | 4 | |a 812 |b ONE |2 21 |
| 100 | |a O'Neill, Eugene |e autor |9 302230 | ||
| 245 | 1 | 4 | |a Una luna para el bastardo |
| 300 | |a 267 p | ||
| 942 | |c BK | ||
| 945 | |d 19980627 00:00:00 |a crobeson | ||
| 260 | |a Buenos Aires |b Sudamericana |c 1955 | ||
| 650 | 7 | |a DRAMAS ESTADOUNIDENSES |2 CL-VaPUC |9 267218 | |
| 650 | 0 | |a Literatura estadounidense |9 317168 | |
| 583 | |a last modification |c 19980627 00:00:00 |k Rodrigo Vera | ||
| 490 | 0 | |a Teatro | |
| 999 | |c 271514 |d 271512 | ||
| 952 | |0 0 |1 0 |4 0 |6 812_000000000000000_ONE_1955 |7 0 |8 A |9 306191 |a BIBEDU |b BIBEDU |d 2019-11-20 |i 1424394 |o 812 ONE 1955 |p 1424394 |r 2019-11-20 |w 2019-11-20 |y BK |k LIT | ||